[Event "6th Sharjah Masters 2023"]
[Site "Sharjah UAE"]
[Date "2023.05.20"]
[Round "4.36"]
[White "Karthikeyan, Murali"]
[Black "Can, Emre"]
[Result "1/2-1/2"]
[WhiteTitle "GM"]
[BlackTitle "GM"]
[WhiteElo "2627"]
[BlackElo "2575"]
[WhiteFideId "5074452"]
[BlackFideId "6302181"]
[EventDate "2023.05.17"]
[EventType "swiss"]

1. e4 c5 2. Nf3 d6 3. d4 cxd4 4. Nxd4 Nf6 5. Nc3 a6 6. a4 e5 7. Nf3 Be7 8. Bg5
Be6 9. Bxf6 Bxf6 10. Nd5 Nc6 11. c3 Ne7 12. Bc4 Rc8 13. Nxf6+ gxf6 14. Bxe6 fxe6
15. O-O O-O 16. Qe2 d5 17. Rfd1 Qe8 18. exd5 exd5 19. Ne1 Kh8 20. Nc2 Qc6 21.
Rd2 Rg8 22. g3 Rcd8 23. Nb4 Qe6 24. Rad1 Rg4 25. Qf3 f5 26. Nxd5 e4 27. Nf4 Rxd2
28. Rxd2 exf3 29. Nxe6 Re4 30. Rd8+ Ng8 31. Kf1 Rxe6 32. Rd3 Kg7 33. Rxf3 Kg6
34. Rd3 Nf6 35. f3 Kf7 36. Rd4 Rb6 37. b4 Rc6 38. c4 b6 39. b5 axb5 40. axb5 Re6
41. Kf2 Ke7 42. h3 h5 43. Rf4 Re5 44. Rd4 Ke6 45. Rd8 Rc5 46. Rb8 Nd7 47. Re8+
Kf7 48. Rh8 Nf6 49. Rb8 Rxc4 50. Rb7+ Kg6 51. Rxb6 Rb4 52. g4 h4 53. Ke2 Kg5 54.
Rb8 fxg4 55. hxg4 Nd5 56. Rh8 Nf4+ 57. Ke3 Ng2+ 58. Kd3 Kf4 59. Rh5 Kxf3 60. Kc3
Rxg4 61. b6 Rg7 62. Kd4 Kg4 63. Rb5 Rb7 64. Kc5 h3 65. Kc6 Rb8 66. b7 h2 67. Rb1
Re8 68. Rh1 Kg3 69. Kc7 Nf4 70. b8=Q Rxb8 1/2-1/2

[Event "6th Sharjah Masters 2023"]
[Site "Sharjah UAE"]
[Date "2023.05.20"]
[Round "4.37"]
[White "Puranik, Abhimanyu"]
[Black "Van Foreest, Lucas"]
[Result "1/2-1/2"]
[WhiteTitle "GM"]
[BlackTitle "GM"]
[WhiteElo "2613"]
[BlackElo "2556"]
[WhiteFideId "5061245"]
[BlackFideId "1039792"]
[EventDate "2023.05.17"]
[EventType "swiss"]

1. e4 e5 2. Nf3 Nc6 3. Bb5 a6 4. Ba4 Nf6 5. O-O b5 6. Bb3 Bc5 7. a4 Rb8 8. c3 d6
9. d4 Bb6 10. h3 O-O 11. Re1 h6 12. axb5 axb5 13. Na3 exd4 14. cxd4 Na5 15. Bc2
b4 16. Nb1 Bb7 17. Nbd2 Re8 18. b3 d5 19. e5 Ne4 20. Nxe4 dxe4 21. Bxe4 Bxe4 22.
Rxe4 Qd5 23. Rg4 h5 24. Rg3 Nxb3 25. Bh6 g6 26. Nh4 Qxd4 27. Rxg6+ fxg6 28.
Qxb3+ Kh8 29. Nxg6+ Kh7 30. Qf7+ Kxh6 31. Nf4 Qxa1+ 32. Kh2 Qb1 33. Qxh5+ Kg7
34. Qg5+ 1/2-1/2

[Event "6th Sharjah Masters 2023"]
[Site "Sharjah UAE"]
[Date "2023.05.20"]
[Round "4.38"]
[White "Mastrovasilis, Dimitrios"]
[Black "Petkov, Momchil"]
[Result "1/2-1/2"]
[WhiteTitle "GM"]
[BlackTitle "GM"]
[WhiteElo "2603"]
[BlackElo "2522"]
[WhiteFideId "4202694"]
[BlackFideId "2921642"]
[EventDate "2023.05.17"]
[EventType "swiss"]

1. e4 c5 2. Nf3 Nc6 3. Bb5 e6 4. O-O Nge7 5. c3 a6 6. Ba4 b5 7. Bc2 Bb7 8. Re1
Rc8 9. a4 Ng6 10. Na3 b4 11. Nc4 Na5 12. Nxa5 Qxa5 13. d3 Bd6 14. Bd2 O-O 15.
Rc1 Bf4 16. cxb4 cxb4 17. Bxf4 Nxf4 18. Qd2 f5 19. Qxf4 fxe4 20. Qe5 Rc5 21. Qd4
exf3 22. Qxd7 Bc8 23. Qe7 Rf7 24. Qe8+ Rf8 25. Qe7 Rf7 26. Qe8+ Rf8 27. Qe7 1/2-1/2

[Event "6th Sharjah Masters 2023"]
[Site "Sharjah UAE"]
[Date "2023.05.20"]
[Round "4.39"]
[White "Mishra, Abhimanyu"]
[Black "Dragnev, Valentin"]
[Result "1/2-1/2"]
[WhiteTitle "GM"]
[BlackTitle "GM"]
[WhiteElo "2550"]
[BlackElo "2593"]
[WhiteFideId "30920019"]
[BlackFideId "1634852"]
[EventDate "2023.05.17"]
[EventType "swiss"]

1. d4 Nf6 2. c4 e6 3. Nf3 d5 4. g3 dxc4 5. Bg2 Bb4+ 6. Bd2 a5 7. a3 Bd6 8. Qa4+
Nc6 9. Qxc4 O-O 10. Bc3 Qe8 11. Nbd2 e5 12. dxe5 Nxe5 13. Qd4 Nc6 14. Qd3 Ne5
15. Qc2 Nxf3+ 16. Bxf3 Be5 17. O-O Qb5 18. Rac1 Bxc3 19. Qxc3 Be6 20. Qxc7 Qxb2
21. Nc4 Bxc4 22. Rxc4 Qxa3 23. Qxb7 Rab8 24. Qa7 Rbc8 25. Rxc8 Rxc8 26. Rb1 h6
27. Kg2 Qc5 28. Qa6 Qf5 29. Rb7 Re8 30. Rb5 Qe6 31. Rxa5 g5 32. Qxe6 Rxe6 33. h3
Kg7 34. e3 Rb6 35. g4 Rd6 36. Rc5 Nd7 37. Rc7 Ne5 38. Be4 Rd7 39. Rc5 Kf6 40.
Kg3 Ra7 41. Rb5 Rd7 42. Rb8 Rd6 43. Rh8 Kg7 44. Re8 Kf6 45. Ra8 Re6 46. Bd5 Rd6
47. Ra5 Rb6 48. f4 Nc6 49. Rc5 gxf4+ 50. exf4 Ne7 51. Bf3 Rb1 52. h4 Kg7 53. Rc7
Kf8 54. g5 Nf5+ 55. Kg4 Ne3+ 56. Kh5 hxg5 57. fxg5 Rf1 58. Be2 Rf4 59. g6 fxg6+
60. Kg5 Rf2 61. Bd3 1/2-1/2

[Event "6th Sharjah Masters 2023"]
[Site "Sharjah UAE"]
[Date "2023.05.21"]
[Round "5.1"]
[White "Kovalev, Vladislav"]
[Black "Praggnanandhaa, R"]
[Result "1/2-1/2"]
[WhiteTitle "GM"]
[BlackTitle "GM"]
[WhiteElo "2612"]
[BlackElo "2688"]
[WhiteFideId "13504398"]
[BlackFideId "25059530"]
[EventDate "2023.05.17"]
[EventType "swiss"]

1. e4 e5 2. Nf3 Nc6 3. Bb5 a6 4. Ba4 Nf6 5. O-O Bc5 6. c3 O-O 7. d4 Ba7 8. dxe5
Nxe4 9. Qd5 Nc5 10. Bc2 Ne7 11. Qd1 d5 12. exd6 Qxd6 13. Qxd6 cxd6 14. Na3 Bg4
15. Re1 Ne6 16. Ng5 h6 17. h3 Bf5 18. Nf3 Bc5 19. Bxf5 Nxf5 20. Nc2 Rad8 21. Ne3
Ne7 22. Nc2 Nf5 23. Ne3 Ne7 1/2-1/2

[Event "6th Sharjah Masters 2023"]
[Site "Sharjah UAE"]
[Date "2023.05.21"]
[Round "5.2"]
[White "Nihal, Sarin"]
[Black "Sevian, Samuel"]
[Result "1/2-1/2"]
[WhiteTitle "GM"]
[BlackTitle "GM"]
[WhiteElo "2673"]
[BlackElo "2684"]
[WhiteFideId "25092340"]
[BlackFideId "2040506"]
[EventDate "2023.05.17"]
[EventType "swiss"]

1. e4 e5 2. Nf3 Nc6 3. Bc4 Bc5 4. O-O Nf6 5. d3 d6 6. c3 a5 7. Re1 Ba7 8. Na3
O-O 9. h3 Ne7 10. d4 Ng6 11. Be3 c6 12. Bf1 Nxe4 13. dxe5 Bxe3 14. Rxe3 d5 15.
c4 Be6 16. Qe1 Nc5 17. Rd1 Qb6 18. cxd5 Bxd5 19. Nc4 Qc7 20. Nd4 f6 21. exf6
Rxf6 22. a3 a4 23. Ne5 Nxe5 24. Rxe5 Raf8 25. f3 Qb6 26. Qb4 Qxb4 27. axb4 Nd7 1/2-1/2

[Event "6th Sharjah Masters 2023"]
[Site "Sharjah UAE"]
[Date "2023.05.21"]
[Round "5.3"]
[White "Tabatabaei, M. Amin"]
[Black "Aryan, Chopra"]
[Result "1/2-1/2"]
[WhiteTitle "GM"]
[BlackTitle "GM"]
[WhiteElo "2677"]
[BlackElo "2617"]
[WhiteFideId "12521213"]
[BlackFideId "5084423"]
[EventDate "2023.05.17"]
[EventType "swiss"]

1. c4 Nf6 2. Nc3 c5 3. Nf3 Nc6 4. e3 e6 5. b3 d5 6. cxd5 exd5 7. Bb2 Bd6 8. d4
cxd4 9. Nxd4 O-O 10. Be2 Re8 11. O-O a6 12. Rc1 Nxd4 13. Qxd4 Be5 14. Qd3 Bd7
15. Rfd1 Rc8 16. h3 Qa5 17. Bf3 Bc6 18. Qd2 d4 19. exd4 Bxf3 20. gxf3 Bb8 21. d5
Rcd8 22. Qg5 h6 23. Qg2 Nh5 24. Kh1 Be5 25. Ba1 Nf4 26. Qg4 h5 27. Qh4 Nxd5 28.
Nxd5 Rxd5 29. Qe4 Rxd1+ 30. Rxd1 Re6 31. Bxe5 Rxe5 32. Qxb7 Re2 33. Qa8+ Kh7 34.
Qd5 Qxd5 35. Rxd5 Rxa2 36. Kg2 g6 37. b4 Rb2 38. Ra5 Rxb4 1/2-1/2

[Event "6th Sharjah Masters 2023"]
[Site "Sharjah UAE"]
[Date "2023.05.21"]
[Round "5.4"]
[White "Martirosyan, Haik M."]
[Black "Ju, Wenjun"]
[Result "1-0"]
[WhiteTitle "GM"]
[BlackTitle "GM"]
[WhiteElo "2675"]
[BlackElo "2550"]
[WhiteFideId "13306553"]
[BlackFideId "8603006"]
[EventDate "2023.05.17"]
[EventType "swiss"]

1. d4 Nf6 2. c4 e6 3. Nf3 d5 4. Nc3 Bb4 5. Bg5 h6 6. Bxf6 Qxf6 7. e3 O-O 8. Rc1
dxc4 9. Bxc4 c5 10. O-O cxd4 11. Ne4 Qe7 12. a3 Ba5 13. Qxd4 Rd8 14. Qe5 Bb6 15.
Rfd1 Nd7 16. Qd6 Kf8 17. Qf4 Nf6 18. Ne5 Kg8 19. Rxd8+ Bxd8 20. Bd3 Nd5 21.
Qxf7+ Qxf7 22. Nxf7 Kxf7 23. Nd6+ Kf8 24. Rxc8 Rxc8 25. Nxc8 Bf6 26. b3 a6 27.
Be4 b5 28. Bxd5 exd5 29. Nb6 Bb2 30. Nxd5 Bxa3 31. b4 Ke8 32. Nc7+ Kd7 33. Nxa6
Kc6 34. Kf1 Kb6 35. Nc5 Bxb4 36. Nb3 Bd6 37. h3 Kc6 38. Ke2 g5 39. Kd3 Kd5 40.
g3 b4 41. f4 h5 42. e4+ Ke6 43. Nd4+ Kd7 44. e5 Bc7 45. Ke4 h4 46. g4 gxf4 47.
Kxf4 Bb6 48. Ke4 Bxd4 49. Kxd4 Ke6 50. Kc4 Kxe5 51. Kxb4 Kd4 52. Kb3 Kd5 53. Kc3
Ke4 54. Kc4 Ke5 55. Kd3 Kd5 56. Ke3 Ke5 57. Kf3 Kf6 58. Ke4 Kg5 59. Ke5 Kg6 60.
Kf4 Kh6 61. Ke4 1-0

[Event "6th Sharjah Masters 2023"]
[Site "Sharjah UAE"]
[Date "2023.05.21"]
[Round "5.5"]
[White "Murzin, Volodar"]
[Black "Maghsoodloo, Parham"]
[Result "1/2-1/2"]
[WhiteTitle "GM"]
[BlackTitle "GM"]
[WhiteElo "2604"]
[BlackElo "2734"]
[WhiteFideId "44155573"]
[BlackFideId "12539929"]
[EventDate "2023.05.17"]
[EventType "swiss"]

1. e4 c5 2. Nf3 d6 3. d4 cxd4 4. Qxd4 Nf6 5. Nc3 Nc6 6. Bb5 Bd7 7. Bxc6 Bxc6 8.
Bg5 e6 9. O-O-O Be7 10. h4 h6 11. Bf4 O-O 12. Bxd6 Bxd6 13. Qxd6 Qxd6 14. Rxd6
Bxe4 15. Nxe4 Nxe4 16. Rd7 Nxf2 17. Rf1 Ng4 18. Rxb7 Rfd8 19. Re1 a5 20. a4 h5
21. Ng5 Nh6 22. Rd1 Rxd1+ 23. Kxd1 e5 24. c4 f6 25. Ne6 Nf5 26. c5 Re8 27. Nc7
Rd8+ 28. Ke1 e4 29. Na6 Nd4 30. Kf2 f5 31. Rb8 Rxb8 32. Nxb8 Kf7 33. Ke3 Ne6 34.
Na6 Ke7 35. b4 axb4 36. Nxb4 Nxc5 37. a5 Kd6 1/2-1/2

[Event "6th Sharjah Masters 2023"]
[Site "Sharjah UAE"]
[Date "2023.05.21"]
[Round "5.6"]
[White "Gukesh, D"]
[Black "Aravindh, Chithambaram VR."]
[Result "1-0"]
[WhiteTitle "GM"]
[BlackTitle "GM"]
[WhiteElo "2732"]
[BlackElo "2633"]
[WhiteFideId "46616543"]
[BlackFideId "5072786"]
[EventDate "2023.05.17"]
[EventType "swiss"]

1. d4 d5 2. c4 c6 3. Nf3 Nf6 4. e3 Bf5 5. Nc3 e6 6. Nh4 Be4 7. f3 Bg6 8. Bd2 Be7
9. Qb3 Qc7 10. O-O-O dxc4 11. Qxc4 a6 12. Nxg6 b5 13. Qe2 hxg6 14. Kb1 c5 15.
dxc5 Nc6 16. g4 Bxc5 17. f4 Ne7 18. Bg2 Rd8 19. h4 Nfd5 20. Rc1 Qb6 21. Nxd5
Nxd5 22. e4 Ne7 23. Rh3 e5 24. f5 Nc6 25. h5 gxh5 26. gxh5 Be7 27. Qe1 Rd6 28.
Be3 Qd8 29. Qg3 Bf6 30. Rhh1 Nd4 31. Bf3 Ke7 32. Rc5 Qb6 33. Rhc1 Kd7 34. h6
gxh6 35. Bh5 Qb7 36. Ka1 Qxe4 37. Rc7+ Kd8 38. Qe1 Qxf5 39. Bxf7 Rd7 40. Bxd4 1-0

[Event "6th Sharjah Masters 2023"]
[Site "Sharjah UAE"]
[Date "2023.05.21"]
[Round "5.7"]
[White "Yu, Yangyi"]
[Black "Dardha, Daniel"]
[Result "1-0"]
[WhiteTitle "GM"]
[BlackTitle "GM"]
[WhiteElo "2729"]
[BlackElo "2631"]
[WhiteFideId "8603820"]
[BlackFideId "240990"]
[EventDate "2023.05.17"]
[EventType "swiss"]

1. e4 e5 2. Nf3 Nc6 3. Bc4 Bc5 4. d3 Nf6 5. Bg5 h6 6. Bh4 Be7 7. Bg3 d6 8. a4
O-O 9. Nbd2 Kh8 10. a5 a6 11. c3 g6 12. d4 exd4 13. cxd4 Nxe4 14. Nxe4 d5 15.
Bxd5 Qxd5 16. Nc3 Qc4 17. d5 Re8 18. dxc6 Bf6+ 19. Ne2 Bg4 20. O-O Qxe2 21. cxb7
Qxd1 22. Rfxd1 Rab8 23. Ra4 Bxf3 24. gxf3 Rxb7 25. Rc4 Bxb2 26. Rc6 Kg8 27. Rxa6
Bc3 28. Rc1 Rb3 29. Bxc7 Bd4 30. Rc4 Bg7 31. Kg2 Ra3 32. Ra7 g5 33. Bb6 Ra2 34.
Rcc7 Be5 35. Rxf7 Rc8 36. Rh7 1-0

[Event "6th Sharjah Masters 2023"]
[Site "Sharjah UAE"]
[Date "2023.05.21"]
[Round "5.8"]
[White "Kadric, Denis"]
[Black "Sjugirov, Sanan"]
[Result "1/2-1/2"]
[WhiteTitle "GM"]
[BlackTitle "GM"]
[WhiteElo "2601"]
[BlackElo "2712"]
[WhiteFideId "14403803"]
[BlackFideId "4189302"]
[EventDate "2023.05.17"]
[EventType "swiss"]

1. e4 c5 2. Ne2 Nf6 3. Nbc3 d6 4. g3 Nc6 5. Bg2 e6 6. O-O Be7 7. h3 O-O 8. f4
Rb8 9. a4 a6 10. d3 Bd7 11. g4 h6 12. Ng3 Nh7 13. Nce2 b5 14. axb5 axb5 15. Be3
b4 16. Qd2 Rc8 17. Kh1 Bh4 18. Kh2 e5 19. Ra6 Ra8 20. Rxa8 Qxa8 21. Nf5 Bxf5 22.
exf5 Qc8 23. fxe5 Nxe5 24. Nf4 Nf6 25. Nd5 Re8 26. Bf4 Qd8 27. Ra1 Nxd5 28. Bxd5
Qe7 29. d4 cxd4 30. Qxd4 Qc7 31. Qxb4 Qxc2+ 32. Kh1 Nd3 33. Qd2 Qxd2 34. Bxd2
Nxb2 35. Ra7 Re7 36. Ra8+ Kh7 37. Rf8 Be1 38. Bxe1 Rxe1+ 39. Kh2 Nd3 40. Bxf7
Ne5 41. Bg8+ Kh8 42. h4 g5 43. f6 Nxg4+ 44. Kh3 Nxf6 45. Rxf6 Kxg8 46. hxg5 hxg5
47. Rxd6 Kf7 1/2-1/2

[Event "6th Sharjah Masters 2023"]
[Site "Sharjah UAE"]
[Date "2023.05.21"]
[Round "5.9"]
[White "Niemann, Hans Moke"]
[Black "Vakhidov, Jakhongir"]
[Result "1-0"]
[WhiteTitle "GM"]
[BlackTitle "GM"]
[WhiteElo "2708"]
[BlackElo "2607"]
[WhiteFideId "2093596"]
[BlackFideId "14201801"]
[EventDate "2023.05.17"]
[EventType "swiss"]

1. e4 c5 2. Nf3 Nc6 3. d4 cxd4 4. Nxd4 g6 5. c4 Bg7 6. Be3 Qb6 7. Nb3 Qd8 8. Qd2
Nf6 9. Nc3 Ng4 10. Bf4 d6 11. h3 Nf6 12. Bh6 O-O 13. Bxg7 Kxg7 14. f4 a5 15. Be2
a4 16. Nd4 Nxd4 17. Qxd4 e5 18. fxe5 dxe5 19. Qxe5 Re8 20. Qf4 a3 21. Rd1 Qe7
22. b3 Nxe4 23. Nxe4 Qxe4 24. Qxe4 Rxe4 25. Kd2 g5 26. Bf3 Rf4 27. Kc3 g4 28.
hxg4 Bxg4 29. Bxb7 Rb8 30. Bf3 Bxf3 31. gxf3 Rxf3+ 32. Rd3 Rf2 33. Ra1 f5 34. b4
Rb2 35. b5 Rc8 36. Rd5 f4 37. Rg1+ Kf6 38. Rf1 Rxa2 39. Rxf4+ Ke6 40. Re4+ Kf6
41. Re1 Rg8 42. Kb3 Rgg2 43. Rd6+ Kf5 44. Ra6 Rgb2+ 45. Kc3 Rh2 46. Kb4 Rh3 47.
Kc5 Rb2 48. Ra1 Rbb3 49. Kb6 Rh6+ 50. Ka5 Rh2 51. Kb6 Rh6+ 52. Kc5 Rhh3 53. Kd5
h5 54. b6 Rhc3 55. Ra5 Kg4 56. Rb5 Rd3+ 57. Kc6 Rxb5 58. Kxb5 Rb3+ 59. Ka6 h4
60. c5 h3 61. c6 h2 62. c7 Rc3 63. b7 1-0

[Event "6th Sharjah Masters 2023"]
[Site "Sharjah UAE"]
[Date "2023.05.21"]
[Round "5.10"]
[White "Predke, Alexandr"]
[Black "Sargsyan, Shant"]
[Result "1/2-1/2"]
[WhiteTitle "GM"]
[BlackTitle "GM"]
[WhiteElo "2685"]
[BlackElo "2630"]
[WhiteFideId "24107581"]
[BlackFideId "13306766"]
[EventDate "2023.05.17"]
[EventType "swiss"]

1. e4 e5 2. Nf3 Nc6 3. Bc4 Nf6 4. d3 Bc5 5. O-O h6 6. c3 d6 7. Re1 O-O 8. h3 a5
9. Bb5 Ba7 10. Nbd2 Ne7 11. d4 Ng6 12. Bd3 Re8 13. Bc2 Bd7 14. Nf1 a4 15. Ng3 b5
16. Be3 Bb6 17. Qd2 c5 18. dxe5 dxe5 19. Nf5 Re6 20. b3 axb3 21. axb3 Bc6 22.
Qxd8+ 1/2-1/2

[Event "6th Sharjah Masters 2023"]
[Site "Sharjah UAE"]
[Date "2023.05.21"]
[Round "5.11"]
[White "Esipenko, Andrey"]
[Black "Theodorou, Nikolas"]
[Result "1-0"]
[WhiteTitle "GM"]
[BlackTitle "GM"]
[WhiteElo "2679"]
[BlackElo "2591"]
[WhiteFideId "24175439"]
[BlackFideId "4262875"]
[EventDate "2023.05.17"]
[EventType "swiss"]

1. e4 c5 2. Nf3 Nc6 3. Bb5 e6 4. O-O Nge7 5. d4 cxd4 6. Nxd4 Ng6 7. Be3 Be7 8.
c3 O-O 9. Nd2 a6 10. Bd3 b5 11. Qh5 Bb7 12. Nxc6 dxc6 13. Bc2 e5 14. Nb3 Qc7 15.
Nc5 Bxc5 16. Bxc5 Nf4 17. Qf3 Rfe8 18. Qe3 Ne6 19. Rad1 Nxc5 20. Qxc5 Rad8 21.
a4 g6 22. h3 Kg7 23. b4 Rxd1 24. Rxd1 Qe7 25. a5 h5 26. Bb3 h4 27. Rd6 Kh7 28.
Kh1 Kg7 29. f4 Bc8 30. fxe5 Qg5 31. Qf2 Be6 32. Qf6+ Qxf6 33. exf6+ Kxf6 34.
Rxc6 Ke5 35. Bd5 Bxd5 36. exd5 Kxd5 37. Rxa6 Rc8 38. Rb6 Kc4 39. Kg1 g5 40. Kf2
f5 41. a6 Ra8 42. Rc6+ Kd3 43. Kf3 Ra7 44. Rc5 Rxa6 45. Rxf5 Kxc3 46. Rxb5 1-0

[Event "6th Sharjah Masters 2023"]
[Site "Sharjah UAE"]
[Date "2023.05.21"]
[Round "5.12"]
[White "Sanal, Vahap"]
[Black "Oparin, Grigoriy"]
[Result "0-1"]
[WhiteTitle "GM"]
[BlackTitle "GM"]
[WhiteElo "2600"]
[BlackElo "2667"]
[WhiteFideId "6300545"]
[BlackFideId "24125890"]
[EventDate "2023.05.17"]
[EventType "swiss"]

1. e4 c5 2. Nc3 e6 3. g3 Nc6 4. Bg2 Nf6 5. Nge2 d5 6. exd5 exd5 7. O-O d4 8. Ne4
Nxe4 9. Bxe4 Bd6 10. d3 Bg4 11. Bg2 Qd7 12. f3 Be6 13. Nf4 Bxf4 14. Bxf4 O-O 15.
Re1 Rfe8 16. a3 a5 17. Qd2 a4 18. Qf2 Ne7 19. Bd2 Qb5 20. c4 Qb3 21. Bf1 b5 22.
cxb5 Qxb5 23. Bg5 Ng6 24. Rac1 Bd5 25. Bf4 Nxf4 26. gxf4 h6 27. Re5 Qc6 28. Bg2
f6 29. Ree1 Rab8 30. f5 Rxe1+ 31. Rxe1 Qb5 32. f4 Bxg2 33. Qxg2 Qxd3 34. Qg6 Kf8
35. Qh7 Qb3 36. Qh8+ Kf7 37. Qh7 d3 0-1

[Event "6th Sharjah Masters 2023"]
[Site "Sharjah UAE"]
[Date "2023.05.21"]
[Round "5.13"]
[White "Korobov, Anton"]
[Black "Vokhidov, Shamsiddin"]
[Result "1-0"]
[WhiteTitle "GM"]
[BlackTitle "GM"]
[WhiteElo "2664"]
[BlackElo "2586"]
[WhiteFideId "14105730"]
[BlackFideId "14204223"]
[EventDate "2023.05.17"]
[EventType "swiss"]

1. c4 Nf6 2. Nc3 e5 3. Nf3 Nc6 4. a3 d5 5. cxd5 Nxd5 6. Qc2 Nxc3 7. dxc3 Qf6 8.
e4 Bc5 9. b4 Bb6 10. a4 a5 11. b5 Ne7 12. Ba3 Bg4 13. Be2 Ng6 14. O-O-O Nf4 15.
h3 Bd7 16. c4 Bxf2 17. Rhf1 Bg3 18. c5 O-O-O 19. c6 Nxe2+ 20. Qxe2 Be6 21. Nd2
Qg6 22. cxb7+ Kxb7 23. Nc4 Bf4+ 24. Kb1 Rxd1+ 25. Rxd1 Ra8 26. Qc2 Bxc4 27. Qxc4
Qe6 28. Qxe6 fxe6 29. Rd7 Kb6 30. Kc2 g6 31. Kd3 Bh6 32. Be7 Bf8 33. Bd8 Rc8 34.
g4 h6 35. Kc4 g5 36. Bf6 Bd6 37. Rd8 Kb7 38. Rxc8 Kxc8 39. Bg7 Kd7 40. Bxh6 Be7
41. Bg7 Kd6 42. Kd3 Bd8 43. Bf8+ 1-0

[Event "6th Sharjah Masters 2023"]
[Site "Sharjah UAE"]
[Date "2023.05.21"]
[Round "5.14"]
[White "Cheparinov, Ivan"]
[Black "Suleymanli, Aydin"]
[Result "1/2-1/2"]
[WhiteTitle "GM"]
[BlackTitle "GM"]
[WhiteElo "2660"]
[BlackElo "2560"]
[WhiteFideId "2905540"]
[BlackFideId "13413937"]
[EventDate "2023.05.17"]
[EventType "swiss"]

1. c4 Nf6 2. g3 e6 3. Bg2 d5 4. Nf3 Be7 5. O-O O-O 6. b3 c5 7. cxd5 Nxd5 8. Bb2
Nc6 9. d4 cxd4 10. Nxd4 Bd7 11. Na3 Nxd4 12. Qxd4 Bf6 13. Qd2 Bc6 14. Nc4 Ne7
15. Qxd8 Rfxd8 16. Bxf6 gxf6 17. Rfd1 Kf8 18. Rac1 Bxg2 19. Kxg2 Rab8 20. Na5 b6
21. Nc4 Nf5 22. g4 Ng7 23. Nd6 a6 24. Kf3 Ne8 25. Nxe8 Rxd1 26. Rxd1 Kxe8 27.
Rc1 Kd7 28. Kf4 Rg8 29. h4 h6 30. b4 Ra8 31. a4 Rb8 32. e4 Rb7 33. f3 Ra7 34. g5
hxg5+ 35. hxg5 Ke7 36. Rc6 a5 37. gxf6+ Kxf6 38. Rxb6 axb4 39. Rxb4 e5+ 40. Kg4
Ra6 41. Rc4 Ra5 42. Rc6+ Kg7 43. Kf5 Rxa4 44. Kxe5 Ra5+ 45. Kd4 Ra4+ 46. Kd5 Rb4
47. Rc4 Rb5+ 48. Rc5 Rb7 49. f4 Rd7+ 50. Ke5 Re7+ 51. Kf5 Re6 52. e5 Re7 53. Rc6
Ra7 54. Rd6 Rb7 55. Ke4 Kf8 56. f5 Rb1 57. Rd7 Rf1 58. Rc7 Ke8 59. Rb7 Re1+ 60.
Kf4 f6 61. e6 Rf1+ 62. Ke4 Re1+ 63. Kd5 Rd1+ 64. Kc4 Rc1+ 65. Kd5 Rd1+ 66. Kc6
Rc1+ 67. Kd6 Rd1+ 68. Kc7 Rc1+ 69. Kb6 Rf1 1/2-1/2

[Event "6th Sharjah Masters 2023"]
[Site "Sharjah UAE"]
[Date "2023.05.21"]
[Round "5.15"]
[White "Kuybokarov, Temur"]
[Black "Narayanan, S.L."]
[Result "1-0"]
[WhiteTitle "GM"]
[BlackTitle "GM"]
[WhiteElo "2566"]
[BlackElo "2660"]
[WhiteFideId "14203049"]
[BlackFideId "5058422"]
[EventDate "2023.05.17"]
[EventType "swiss"]

1. e4 e5 2. Nf3 Nc6 3. Bb5 a6 4. Ba4 Nf6 5. O-O Be7 6. Re1 b5 7. Bb3 O-O 8. h3
Bb7 9. d3 d6 10. a3 Re8 11. Ng5 Rf8 12. Nf3 h6 13. Nbd2 Re8 14. Nf1 Bf8 15. Ng3
Na5 16. Ba2 d5 17. Bd2 dxe4 18. Nxe5 Rxe5 19. Bxa5 Re7 20. dxe4 Nxe4 21. Nxe4
Bxe4 22. Qh5 g6 23. Qg4 h5 24. Qf4 Bb7 25. Rxe7 Qxe7 26. Re1 Qd7 27. Qf6 Bg7 28.
Qxg6 Bd5 29. Qg5 Bxa2 30. Bc3 f6 31. Bxf6 Qf7 32. Bc3 Rf8 33. f4 b4 34. axb4 Kh8
35. Re7 Bxc3 36. bxc3 1-0

[Event "6th Sharjah Masters 2023"]
[Site "Sharjah UAE"]
[Date "2023.05.21"]
[Round "5.16"]
[White "Nguyen, Thai Dai Van"]
[Black "Azarov, Sergei"]
[Result "1/2-1/2"]
[WhiteTitle "GM"]
[BlackTitle "GM"]
[WhiteElo "2645"]
[BlackElo "2582"]
[WhiteFideId "358878"]
[BlackFideId "13501470"]
[EventDate "2023.05.17"]
[EventType "swiss"]

1. d4 Nf6 2. c4 e6 3. Nf3 d5 4. Nc3 Be7 5. Bf4 O-O 6. e3 c5 7. dxc5 Bxc5 8. Qc2
Nc6 9. Rd1 Qa5 10. a3 Re8 11. Nd2 e5 12. Bg5 Nd4 13. Qb1 Bf5 14. Bd3 Bxd3 15.
Qxd3 Ne4 16. Nxd5 Nxg5 17. b4 Qd8 18. bxc5 Nde6 19. O-O Nxc5 20. Qb1 Qd6 21. Qf5
h6 22. h4 Nh7 23. Nb1 Qe6 24. Qf3 Rac8 25. Nbc3 a6 26. Rb1 e4 27. Qg3 Qe5 28.
Qxe5 Rxe5 29. Rfd1 Ree8 30. Ne2 h5 31. Rb6 g6 32. Nd4 Kg7 33. Rdb1 Nf8 34. Rd6
Nfd7 35. Nb6 Nxb6 36. Rdxb6 Rc7 37. Nb3 Nxb3 38. R1xb3 Rxc4 39. Rxb7 Rd8 40. Rb2
Rd5 1/2-1/2

[Event "6th Sharjah Masters 2023"]
[Site "Sharjah UAE"]
[Date "2023.05.21"]
[Round "5.17"]
[White "Galperin, Platon"]
[Black "Yilmaz, Mustafa"]
[Result "1/2-1/2"]
[WhiteTitle "GM"]
[BlackTitle "GM"]
[WhiteElo "2528"]
[BlackElo "2641"]
[WhiteFideId "14165414"]
[BlackFideId "6302718"]
[EventDate "2023.05.17"]
[EventType "swiss"]

1. e4 c5 2. Nf3 d6 3. Bb5+ Nd7 4. d4 cxd4 5. Nxd4 Nf6 6. O-O a6 7. Bd3 Nc5 8.
Re1 e5 9. Nf3 b5 10. b4 Nxd3 11. Qxd3 Be6 12. a4 Bc4 13. Qa3 Rb8 14. axb5 axb5
15. Qa6 Qc8 16. Qxc8+ Rxc8 17. Na3 Be7 18. Nd2 Be6 19. Nxb5 d5 20. Ra7 Bxb4 21.
Nc7+ Kd8 22. exd5 Bd7 23. Na6 Bc3 24. Rd1 Bd4 25. Rb7 Rxc2 26. Nb4 Rc7 27. Rb8+
Rc8 28. Rb7 Rc7 29. Rb8+ Rc8 30. Rb7 1/2-1/2

[Event "6th Sharjah Masters 2023"]
[Site "Sharjah UAE"]
[Date "2023.05.21"]
[Round "5.18"]
[White "Abasov, Nijat"]
[Black "Mchedlishvili, Mikheil"]
[Result "1/2-1/2"]
[WhiteTitle "GM"]
[BlackTitle "GM"]
[WhiteElo "2634"]
[BlackElo "2553"]
[WhiteFideId "13402960"]
[BlackFideId "13600966"]
[EventDate "2023.05.17"]
[EventType "swiss"]

1. e4 e5 2. Nf3 Nc6 3. Bc4 Bc5 4. d3 Nf6 5. c3 d6 6. O-O O-O 7. a4 a5 8. Re1 Ne7
9. d4 Ba7 10. Be3 Ng6 11. dxe5 Nxe5 12. Nxe5 dxe5 13. Nd2 Bxe3 14. Rxe3 1/2-1/2